[Event "Montigny le Bretonneux op 17th"]
[Site "Montigny le Bretonneux"]
[Date "2013.05.20"]
[Round "7"]
[White "McIntosh, Antoine"]
[Black "Geffrotin, Daniel"]
[Result "0-1"]
[WhiteElo "1110"]
[BlackElo "1600"]
[PlyCount "74"]
[EventDate "2013.05.18"]
[EventType "swiss"]
[EventRounds "9"]
[EventCountry "FRA"]
[SourceTitle "EXT 2014"]
[Source "ChessBase"]
[SourceDate "2013.11.20"]
[SourceVersion "1"]
[SourceVersionDate "2013.11.20"]
[SourceQuality "1"]

1. e4 c5 2. Bc4 d6 3. Nf3 Nf6 4. 0-0 g6 5. d3 Bg7 6. Ng5 0-0 7. d4 cxd4 8. Qxd4 Nc6 9. Qc3 Ne5 10. Bb3 Bd7 11. Qg3 h6 12. Nxf7 Rxf7 13. Bxf7+ Kxf7 14. Qb3+ Be6 15. Qxb7 g5 16. Be3 Rb8 17. Qxa7 Rxb2 18. Nc3 Rb8 19. Rfb1 Ra8 20. Qd4 Nfd7 21. Rb5 Ng4 22. Bd2 Bxd4 23. Ne2 Bxa1 24. h3 Nge5 25. Rb1 Rxa2 26. Nc3 Rxc2 27. Be1 Bxc3 28. Bxc3 Rxc3 29. Rb5 Qc7 30. Rb2 Ra3 31. Rb1 Qc2 32. Rf1 Qb2 33. g3 Ra1 34. h4 Rxf1+ 35. Kxf1 Bh3+ 36. Kg1 Ng4 37. f3 Qh2# 0-1